CHP Zile raporu (Record no. 1827)

MARC details
000 -BAŞLIK
Sabit Uzunlukta Kontrol Alanı 01457na a2200373 4500
001 - KONTROL NUMARASI
Denetim Alanı 21572
003 - KONTROL NUMARASI IDENTIFIER
Denetim Alanı MIRAKIL
005 - SON İŞLEM TARİHİ VE ZAMANI
Denetim Alanı 20181213154836.0
008 - SABİT-BOY VERİ ELEMANLARI - GENEL BİLGİLER
Sabit Uzunlukta Kontrol Alanı 170205b tu 000 0
035 ## - SİSTEM KONTROL NUMARASI
Sistem Kontrol Numarası 13036
040 ## - KATALOGLAMA KAYNAK
Orijinal Kataloglama Ajansı Milas
Kataloglama Dili tur
Metne Dönüştürmek Ajansı TR-AnCHP
041 ## - DİL KODU
Metin / Ses Parça Veya Ayrı Başlığın Dil Kodu tur
082 ## - DEWEY ONLU SINIFLANDIRMA NUMARASI
Sınıflandırma Numarası CHP 322.42
Ürün Numarası C36t 1996/12
090 ## - SINIFLAMA NUMARASI
Sınıflama Numarası CHP 322.42 C36t 1996/12
110 ## - ANA GİRİŞ - KURUMSAL ADI
Giriş Elemanı Olarak Kurumsal Ad Veya Yargı Alanı Adı Cumhuriyet Halk Partisi (CHP)
Alt Birim İnceleme Heyeti
222 ## - ANAHTAR ADI
Anahtar Başlık Terör raporları
245 ## - BAŞLIK TABLOSU
Başlık CHP Zile raporu
Başlığın Kalan 27 Kasım 1996
Sorumluluk Tablosu, Vb CHP İnceleme Heyeti
246 ## - UNVAN FORM VARYING
Başlık Doğru / Kısa Başlığı CHP Zile raporu, 1996
260 ## - YAYIN, DAĞITIM, VB
Yayın, Dağıtım, Vb Yeri Ankara
Yayıncı, Dağıtıcı, Vs Adı CHP
Yayın, Dağıtım, Vb Tarihi Aralık 1996
300 ## - FİZİKSEL TANIM
Kapsam 7 s.
Boyutlar 30 sm.
440 ## - SERİSİ TABLOSU / KATMA GİRİŞİ - BAŞLIK
Başlık Cumhuriyet Halk Partisi yayınları
Bir İşin Parçası / Bölümün İsmi Raporlar
500 ## - GENEL NOT
Genel Not 22.11.1196 tarihinde Tokat/Zile'de meydana gelen olaylarla ilgili CHP inceleme heyetinin raporudur.
500 ## - GENEL NOT
Genel Not Yerel numaradaki sayılar, raporların sunulduğu ayları temsil eder : Ocak -1 ; Şubat - 2 ; Mart - 3 ; Nisan - 4 ; Mayıs - 5; Haziran - 6 ; Temmuz - 7; Ağustos - 8; Eylül - 9; Ekim - 10; Kasım - 11 ; Aralık - 12.
610 ## - KONU KATMA GİRİŞ - TOPLANTI ADI
Giriş Elemanı Olarak Kurumsal Ad Veya Yargı Alanı Adı CHP
Genel Alt Bölüm Altbirimler
Kronolojik Alt Bölüm Raporlar
610 ## - KONU KATMA GİRİŞ - TOPLANTI ADI
Giriş Elemanı Olarak Kurumsal Ad Veya Yargı Alanı Adı CHP
Genel Alt Bölüm Terör sorunu
Kronolojik Alt Bölüm Raporlar
610 ## - KONU KATMA GİRİŞ - TOPLANTI ADI
Giriş Elemanı Olarak Kurumsal Ad Veya Yargı Alanı Adı CHP
Genel Alt Bölüm Zile
Kronolojik Alt Bölüm Raporlar
650 ## - KONU KATMA GİRİŞ - TOPİKAL DÖNEM
Topikal Süreli Veya Coğrafi Ad Giriş Elemanı Zile olayları, 22 Kasım 1996
Genel Alt Bölümü Raporlar
Kronolojik Alt Bölümü Zile, Tokat
650 ## - KONU KATMA GİRİŞ - TOPİKAL DÖNEM
Topikal Süreli Veya Coğrafi Ad Giriş Elemanı Terör örgütleri
Genel Alt Bölümü PKK saldırıları
Coğrafi Alt Bölümü Türkiye
830 ## - SERİSİ EKLENDİ GİRİŞ - ÜNİFORM ADI
Üniforma Başlık CHP raporları
942 ## - EKLENDİ GİRİŞ ELEMANLARI (KOHA)
Sınıflandırma Veya Raf Düzeni Kaynak
Koha Öğesi Türü Books
999 ## - SİSTEM KONTROL NUMARALARI (KOHA)
Koha Biblionumber 1827
Koha Biblioitemnumber 1827
657 ## - INDEX SÜRE - İŞLEVİ
-- CHP Zile raporu, 1996
657 ## - INDEX SÜRE - İŞLEVİ
-- CHP terör raporu, 1996
Holdings
Kalıcı Konum Mevcut Konum Edinme Tarihi Edinim Kaynak Toplam Check-Out'Lar Tam Çağrı Numarası Barkod Tarih Son Görülme Kopya Sayısı İtibaren Geçerli Fiyatlar Sigara Kamu Notu Koha Öğesi Türü
CHP Kütüphanesi CHP Kütüphanesi 02/05/2017 Bağış   CHP 322.42 C36t 1996/12 014025 02/05/2017 k.2 02/05/2017 Refahiye raporu ile aynı ciltte Books